000
00290nam a2200121Ia 4500
008
241028s9999 xx 000 0 und d
041
_a
eng
082
_a
591.5 CON
100
_a
O Connell
245
_a
Dont Feed The Ducks
260
_b
Liamoconnell
_a
Europe
_c
2007
300
_a
184;. P. 21 cm
999
_c
42919
_d
42919